Normal view MARC view

Entry Personal Name

Number of records used in: 1

001 - CONTROL NUMBER

  • control field: 307368

003 - CONTROL NUMBER IDENTIFIER

  • control field: DLC

005 - DATE AND TIME OF LATEST TRANSACTION

  • control field: 20240805160234.0

008 - FIXED-LENGTH DATA ELEMENTS

  • fixed length control field: 220204n| azannabbn |n aaa c

010 ## - LIBRARY OF CONGRESS CONTROL NUMBER

  • LC control number: no2022014602

035 ## - SYSTEM CONTROL NUMBER

  • System control number: (OCoLC)oca14316055

040 ## - CATALOGING SOURCE

  • Original cataloging agency: CaBVa
  • Language of cataloging: eng
  • Description conventions: rda
  • Transcribing agency: CaBVa
  • Modifying agency: MY-SjTCS

100 1# - HEADING--PERSONAL NAME

  • Personal name: Serrano, Luis G.

374 ## - OCCUPATION

  • Occupation: Computer scientists
  • Source of term: lcsh

375 ## - GENDER

  • Gender: male

377 ## - ASSOCIATED LANGUAGE

  • Language code: eng

670 ## - SOURCE DATA FOUND

  • Source citation: Grokking machine learning, 2021:
  • Information found: title page (Luis G. Serrano) page 4 of cover (Luis G. Serrano is a research scientist in quantium artificial intelligence; previously was a machine learning engineer at Google and Lead Artificial Intelligence Educator at Apple)